Fausto /

Bibliographic Details
Main Author: Campo, Estanislao del, 1834-1880
Other Authors: Torres-Rioseco, Arturo, 1897- (Editor)
Format: Book
Language:Spanish
Published: New York : Harper, [1947]

MARC

Tag First Indicator Second Indicator Subfields
LEADER 00000cam a2200000 4500
001 in00000033404
005 20151007060616.0
008 760114s1947 nyua 00010 spa
035 |a (OCoLC)01926259 
035 |9 AAC1269AM 
040 |a DLC  |c AKC  |d m/c  |d UtOrBLW 
049 |a TXAM  |c [A07551091] 
050 0 0 |a PQ7797.C26  |b F3 1947 
100 1 |a Campo, Estanislao del,  |d 1834-1880. 
245 1 0 |a Fausto /  |c con ilustraciones de Florencio Molina Campos. Ed. with an intro., exercises, notes, and vocabulary by Arturo Torres-Rioseco and Eduardo Neale-Silva. 
264 1 |a New York :  |b Harper,  |c [1947] 
300 |a 174 pages :  |b color illustrations ;  |c 22 cm. 
336 |a text  |b txt  |2 rdacontent 
337 |a unmediated  |b n  |2 rdamedia 
338 |a volume  |b nc  |2 rdacarrier 
700 1 |a Torres-Rioseco, Arturo,  |d 1897-  |e editor. 
999 |a MARS 
999 f f |s 2ee29213-7b91-3b6e-8a6c-caa5fdf41153  |i 228d081f-0ef2-3d8c-a3ef-5fb77695b00b  |t 0 
952 f f |p normal  |a Texas A&M University  |b College Station  |c Sterling C. Evans Library  |d Evans: Library Stacks  |t 0  |e PQ7797.C26 F3 1947  |h Library of Congress classification  |i unmediated -- volume  |m A14807551091 
998 f f |a PQ7797.C26 F3 1947  |t 0  |l Evans: Library Stacks